000 00972nam0a22003011 4500
001 v19\rc\1848211
005 20251118180104.1
035 _a(NLR Aleph) 004944205
090 _a5813529
_c5813529
100 _a20080221d1909 |||y0rusy50 ca
101 0 _arus
102 _aRU
105 _ay z |||c|
200 1 _aОбщественное самосознание в русской литературе
_eКритич. очерки Арс. И. Введенского
205 _a2-е изд.
210 _aСанкт-Петербург
_cМ.П. Мельников
_d1909
215 _aVI, [2], 304 с.
_d23
700 1 _aВведенский
_bА. И.
_f1844-1909
_gАрсений Иванович
801 0 _aRU
_bNLR
_gpsbo
801 0 _aRU
_bRuMoRGB
_2psbo
801 1 _aRU
_bProSoft-M
_2rusmarc
852 _aNLR
_j37.5.6.39
852 _aNLR
_j133/4925
899 _aRuMoRGB
_jU 30/786
899 _aГПИБ
899 _aНБ МГУ
942 _cBOOK
980 _aNB